| 000 | 01422nam a2200313 a 4500 | ||
|---|---|---|---|
| 001 | BRCA_5027 | ||
| 005 | 20190320204917.0 | ||
| 008 | 031110s1783----mx-######v---#000-0#spa-# | ||
| 041 | _aspa | ||
| 044 | _amx | ||
| 084 |
_aDOC92 _b.G37 _c1783 |
||
| 100 | 1 |
_aGarcía de Torres, José Joaquín _912832 |
|
| 245 | 1 | 0 |
_aDocumento que describe y avalúa la casa de Doña María Josefa de Oviedo, para su venta _cJosé Joaquín García de Torres. |
| 260 |
_aMéxico _c1783 |
||
| 300 |
_a[3] fojas _c31 x 21 cm. |
||
| 500 | _aDocumento firmado el 18 de diciembre de 1783. | ||
| 500 |
_aDocumento que contiene el avaluó en _14,800 y descripción de la casa de Doña María Josefa de Oviedo hecha por el arquitecto Don José Joaquín García de Torres. |
||
| 500 | _aEl documento contiene la leyenda DOC. #252. | ||
| 500 | _aPapel con marca de agua. | ||
| 500 | _aEstado de conservación: Tiene pequeñas lagunas provocadas por insectos y los márgenes deteriorados. | ||
| 506 | 0 | _aFondo Reservado. Para su consulta es necesario credencial de usuario y carta de motivos. | |
| 546 | _aTexto en: Español de finales del siglo XVIII. | ||
| 600 | 1 | 4 |
_aGarcía de Torres, José Joaquín _xHistoria _912833 |
| 650 | 1 | 4 |
_aCompraventa de bienes raices _vManuscritos _zMéxico _912834 |
| 651 | 4 |
_aMéxico _xHistoria _yColonia, 1521-1821 _912461 |
|
| 700 | 1 |
_aOviedo, María Josefa de _912835 |
|
| 902 | _aFDH | ||
| 942 |
_2lcc _cD |
||
| 999 |
_c4721 _d4721 |
||